00957nam a2200205 a 450000100100000000500170001000800410002702000180006804000250008608200210011110000360013224500480016826000490021630000210026550000700028695201340035695201190049095201250060999900170073400004618620201002052708.0150703s2015 dr 000 0 spa d a9789945581461 aDO-SdBNPbspacBNPHU axxxxxxxbxxxxxxx1 aCasillas Álvarez, Juan97423410aLugar profano : /cJuan Casillas Álvarez. aSan Juan, Puerto Rico, :bIsla negra,c2015. a86 . : ;c22 cm. aIncluye datos biográficos del autor en la solapa de la cubierta 001054708DSaGRbGRcHDd2015-07-03iLF1l0oxxxxxxx xxxxxxxp46186-30r2020-06-25te. 3w2020-06-25yLFDSZPréstamo en sala 0010718PDaPDbPDcHDd2015-07-03iLF1l0oxxxxxxx xxxxxxxp46186-10r2020-06-25w2020-06-25yLFPDZNo se presta 0010718PDaPDbPDcHDd2015-07-03iLF1l0oxxxxxxx xxxxxxxp46186-20r2020-06-25te. 2w2020-06-25yLFPDZNo se presta c45675d45675